Представление документа в формате RUSMARC

ПолеНазваниеЗначение
  Тип записи a
  Библиографический уровень m
001 Контрольный номер e87d13489fe44e0f880ed2fb65ec2a55
005 Дата корректировки 20140526192806.9
010 Индекс ISBN __
a ISBN 5-06-003527-1
200 Заглавие и сведения об ответственности __
a Заглавие Основы органиазации ипотечного кредитования
f Первые сведения об ответственности Кудрявцев Владимир Алексеевич, Кудрявцева Евгения Владимировна
210 Выходные данные __
a Место издания М.
c Издательство Высш.шк.
d Дата издания 1998
215 Физическое описание __
a Объем 62
610 Ключевые слова __
a Ключевые слова ипотечный кредит
686 Индексы других классификаций __
a Классификационный индекс 65.9(2)26
2 Код системы rubbk
686 Индексы других классификаций __
a Классификационный индекс 65.9(2)262.1
2 Код системы rubbk
700 Автор __
a Фамилия Кудрявцев Владимир Алексеевич
701 Альтернативная интеллектуальная ответственность __
a Фамилия Кудрявцева Евгения Владимировна
801 Источник записи _0
a Страна RU
b Организация РУК
c Дата составления 20010905
g Правила каталогизации PSBO
801 Источник записи _1
a Страна RU
b Организация РУК
c Дата составления 20010905
g Правила каталогизации PSBO
852 Данные о местонахождении __
i Авторский знак К88
j Шифр хранения 65.9(2)262.1
901 Тип документа __
t Тип документа m
938 Служебная информация __
a Название организации Головной вуз
b Имя БД BOOK
c Название АИБС АИБС ИРБИС